Role Úřadu pro ochranu hospodářské soutěže v politice tvorby a ochrany konkurenčního prostředí
Postavenie Úradu na ochranu hospodárskej súťaže predstavujúci ústredný orgán štátnej správy pre podporu a ochranu hospodárskej súťaže proti jej nedovolenému obmedzovaniu. Analýza zásahov úradu, ktorého základným cieľom je odstrániť negatívne vplyvy na hospodársku súťaž v kontexte realizácie koordino...
Salvato in:
| Autore principale: | |
|---|---|
| Natura: | Capitolo di libro |
| Lingua: | ceco |
| Soggetti: | |
| Tags: |
Nessun Tag, puoi essere il primo ad aggiungerne!!
|
MARC
| LEADER | 00000nla$a2200000$$$4500 | ||
|---|---|---|---|
| 001 | 0076246 | ||
| 005 | 20220519122058.4 | ||
| 041 | 0 | |a cze | |
| 044 | |a SK | ||
| 245 | 1 | 0 | |a Role Úřadu pro ochranu hospodářské soutěže v politice tvorby a ochrany konkurenčního prostředí |c Pavlína Pellešová |
| 520 | |a Postavenie Úradu na ochranu hospodárskej súťaže predstavujúci ústredný orgán štátnej správy pre podporu a ochranu hospodárskej súťaže proti jej nedovolenému obmedzovaniu. Analýza zásahov úradu, ktorého základným cieľom je odstrániť negatívne vplyvy na hospodársku súťaž v kontexte realizácie koordinovanej politiky EÚ. | ||
| 610 | 2 | 0 | |a súťaž hospodárska |
| 610 | 2 | 0 | |a rast hospodársky |
| 610 | 2 | 0 | |a legislatíva |
| 610 | 2 | 0 | |a Česko |
| 100 | 1 | |a Pellešová, Pavlína | |